000 00275nam a2200109Ia 4500
008 190912s9999||||xx |||||||||||||| ||und||
100 _aAli Siddique
245 0 _aZikre e Quaid e Azam :Mukahat -o-Mazameen
260 _aKarachi
_bMcGraw-Hill
_c1996
300 _a210
942 _cBK
999 _c7392
_d7392